000 00629nam a2200217Ia 4500
005 20260429112025.0
008 260429s9999||||xx |||||||||||||| ||und||
020 _a9789811665769
041 _aEnglish
082 _a514.34
_bADH
100 _aAdhikari, Avishek
245 0 _aBasic topology 2 :
_btopological groups, topology of manifolds and lie groups /
_cAvishek Adhikari
260 _aSingapore :
_bSpringer,
_c2022.
300 _axxiv, 367 p.; hb
650 _a Lie groups
650 _a Topological manifolds
650 _a Topology
650 _aMathematics
700 _a Adhikari, Mahima Ranjan
942 _cTB
999 _c51947
_d51947